000 00426nam a2200145Ia 4500
005 20250508152822.0
008 008 250505s9999 xx 000 0 eng d
037 _aBooks to be hide in OPAC
040 _aFEDL
_beng
_cFEDL
041 _aeng
_2eng
084 _a378.54, DEL
_qFEDL
245 0 _aUniverisity of Delhi : Thirty-Eighth annual report 1959-60
942 _cHB
_h378.54, DEL
999 _c1338961
_d1338961